Marcus Laelius Cosmus: Italian merchants and Roman trade at Berenike under the Julio-Claudian emperors
Saved in:
| Main Author: | |
|---|---|
| Format: | Chapter/Article Conference Paper |
| Language: | English |
| Published: |
2021
|
| In: |
Merchants, measures and money
Year: 2021, Pages: 141-157 |
| Subjects: | |
| Online Access: |
|
| Author Notes: | Rodney Ast |
MARC
| LEADER | 00000caa a2200000 c 4500 | ||
|---|---|---|---|
| 001 | 1757783431 | ||
| 003 | DE-627 | ||
| 005 | 20251002110542.0 | ||
| 007 | tu | ||
| 008 | 210514s2021 xx ||||| 00| ||eng c | ||
| 035 | |a (DE-627)1757783431 | ||
| 035 | |a (DE-599)KXP1757783431 | ||
| 035 | |a (OCoLC)1341413126 | ||
| 040 | |a DE-627 |b ger |c DE-627 |e rda | ||
| 041 | |a eng | ||
| 084 | |a 65 |2 sdnb | ||
| 100 | 1 | |a Ast, Rodney |e VerfasserIn |0 (DE-588)1020326514 |0 (DE-627)691183295 |0 (DE-576)360148387 |4 aut | |
| 245 | 1 | 0 | |a Marcus Laelius Cosmus |b Italian merchants and Roman trade at Berenike under the Julio-Claudian emperors |c Rodney Ast |
| 264 | 1 | |c 2021 | |
| 300 | |b Illustrationen | ||
| 300 | |a 17 | ||
| 336 | |a Text |b txt |2 rdacontent | ||
| 337 | |a ohne Hilfsmittel zu benutzen |b n |2 rdamedia | ||
| 338 | |a Band |b nc |2 rdacarrier | ||
| 500 | |a Mit deutscher Zusammenfassung | ||
| 689 | 0 | 0 | |d g |0 (DE-588)4612103-1 |0 (DE-627)326361081 |0 (DE-576)214255891 |a Berenike |g Ägypten |2 gnd |
| 689 | 0 | 1 | |d s |0 (DE-588)4076769-3 |0 (DE-627)104826169 |0 (DE-576)209202866 |a Römerzeit |2 gnd |
| 689 | 0 | 2 | |d s |0 (DE-588)4023222-0 |0 (DE-627)106304852 |0 (DE-576)208948155 |a Handel |2 gnd |
| 689 | 0 | |5 (DE-627) | |
| 773 | 0 | 8 | |i Enthalten in |a Workshop "Weights and Marchants - the Technology of Early Trade" (2019 : Göttingen) |t Merchants, measures and money |d Kiel : Wachholtz Verlag, 2021 |g (2021), Seite 141-157 |h 364 Seiten |w (DE-627)1750254077 |z 9783529035418 |z 3529035416 |7 nnam |
| 773 | 1 | 8 | |g year:2021 |g pages:141-157 |g extent:17 |a Marcus Laelius Cosmus Italian merchants and Roman trade at Berenike under the Julio-Claudian emperors |
| 951 | |a AR | ||
| 990 | |a Handel | ||
| 990 | |a Römerzeit | ||
| 990 | |a Berenike | ||
| 992 | |a 20210519 | ||
| 993 | |a ConferencePaper | ||
| 994 | |a 2021 | ||
| 998 | |g 1020326514 |a Ast, Rodney |m 1020326514:Ast, Rodney |d 70000 |d 71700 |d 71740 |e 70000PA1020326514 |e 71700PA1020326514 |e 71740PA1020326514 |k 0/70000/ |k 1/70000/71700/ |k 2/70000/71700/71740/ |p 1 |x j |y j | ||
| 999 | |a KXP-PPN1757783431 |e 3929576163 | ||
| BIB | |a Y | ||
| JSO | |a {"relHost":[{"id":{"eki":["1750254077"],"isbn":["9783529035418","3529035416"]},"relMultPart":[{"physDesc":[{"noteFormat":"31 cm","extent":"Bände"}],"recId":"167846810X","part":{"number":["volume 2"],"number_sort":["2"]},"language":["eng"],"id":{"eki":["167846810X"],"zdb":["2986126-3"],"issn":["2702-9336"]},"pubHistory":["Volume 1-"],"type":{"bibl":"serial"},"titleAlt":[{"title":"Weight and value"}],"origin":[{"publisher":"Georg Olms Verlag ; Wachholtz Verlag - Murmann Publishers","dateIssuedKey":"2019","publisherPlace":"Baden-Baden ; Kiel ; Hamburg","dateIssuedDisp":"2019-"}],"title":[{"title_sort":"Weight & value","title":"Weight & value"}],"dispAlt":"Weight & value","disp":"Weight & value"}],"recId":"1750254077","physDesc":[{"noteIll":"Illustrationen, Karten, Digramme","noteFormat":"29.7 cm x 21 cm","extent":"364 Seiten"}],"disp":"Workshop \"Weights and Marchants - the Technology of Early Trade\" (2019 : Göttingen)Merchants, measures and money","title":[{"title":"Merchants, measures and money","subtitle":"understanding technologies of early trade in a comparative perspective : proceedings of two workshops funded by the European Research Council (ERC)","title_sort":"Merchants, measures and money"}],"corporate":[{"role":"aut","display":"Workshop \"Weights and Marchants - the Technology of Early Trade\" (2019, Göttingen)"},{"display":"Wachholtz Verlag","role":"pbl"},{"display":"Workshop \"Weights and Money - Understanding Money in a Comparative Perspective from Prehistory to Modern Times\" (2020, Göttingen)","role":"aut"}],"type":{"bibl":"book"},"language":["eng"],"part":{"pages":"141-157","text":"(2021), Seite 141-157","year":"2021","extent":"17"},"name":{"displayForm":["edited by Lorenz Rahmstorf, Gojko Barjamovic and Nicola Ialongo"]},"origin":[{"publisher":"Wachholtz Verlag","dateIssuedKey":"2021","publisherPlace":"Kiel ; Hamburg","dateIssuedDisp":"2021"}],"person":[{"display":"Rahmstorf, Lorenz","given":"Lorenz","family":"Rahmstorf","role":"edt"},{"family":"Ialongo","role":"edt","display":"Ialongo, Nicola","given":"Nicola"},{"display":"Barjamovic, Gojko","given":"Gojko","family":"Barjamovic","role":"edt"}],"note":["Workshops within the scope of the research project ERC-2014-CoG \"Weightandvalue\": Workshop 3, \"Weights and Marchants - the Technology of Early Trade\" took place between 15th-17th May 2019, Workshop 4 \"Weights and Money - Understanding Money in a Comparative Perspective from Prehistory to Modern Times\" between 27th-29th May 2020 (Preface)"]}],"recId":"1757783431","physDesc":[{"extent":"17 S.","noteIll":"Illustrationen"}],"id":{"eki":["1757783431"]},"type":{"bibl":"chapter"},"title":[{"title":"Marcus Laelius Cosmus","subtitle":"Italian merchants and Roman trade at Berenike under the Julio-Claudian emperors","title_sort":"Marcus Laelius Cosmus"}],"language":["eng"],"origin":[{"dateIssuedDisp":"2021","dateIssuedKey":"2021"}],"person":[{"family":"Ast","role":"aut","display":"Ast, Rodney","given":"Rodney"}],"note":["Mit deutscher Zusammenfassung"],"name":{"displayForm":["Rodney Ast"]}} | ||
| SRT | |a ASTRODNEYMARCUSLAEL2021 | ||